00487cam a22001097a 4500008004000000082001700040100003200057245003200089260005000121300000800171500019800179180718b1930 xxu||||| |||| 00| 0 eng d aC0x54073 Un3 aIndian Statutory Commission aIndian Statutory Commission aLondonbHer Majesty's Stationery Officec1930 a-v- aLibrary has v.1. Survey. 409+p.; v.2. Recommendations. 344+p. v.15. Extracts from official oral evidence. 534+p; v.16. Elections from memoranda and oral evidence. 496+p.; Interim report. 409+p.